书目信息 |
| 题名: |
岭南文史论稿
|
|
| 作者: | 曹旅宁 著 | |
| 分册: | ||
| 出版信息: | 广州 广东人民出版社 2015 |
|
| 页数: | 156页 | |
| 开本: | 26cm | |
| 丛书名: | 文化广州论丛 | |
| 单 册: | ||
| 中图分类: | K296.5 | |
| 科图分类: | ||
| 主题词: | 文史资料--广东 | |
| 电子资源: | ||
| ISBN: | 978-7-218-10145-3 | |
| 000 | 00961oam2 2200265 45 | |
| 001 | 012001004048 | |
| 005 | 20140928162348.0 | |
| 010 | @a978-7-218-10145-3@dCNY30.00 | |
| 100 | @a20151215d2015 em y0chiy50 ea | |
| 101 | 0 | @achi |
| 102 | @aCN@b440000 | |
| 105 | @ay z 000yy | |
| 106 | @ar | |
| 200 | 1 | @a岭南文史论稿@9ling nan wen shi lun gao@b专著@f曹旅宁著 |
| 210 | @a广州@c广东人民出版社@d2015 | |
| 215 | @a156页@d26cm | |
| 225 | 1 | @a文化广州论丛@f广州市社会科学界联合会编 |
| 300 | @a岭南文史研究系列 | |
| 330 | @a本书分为南越国历史文化、岭南中古历史文化、明清岭南佛教史研究、近代岭南历史文化、清末民初的广东文化述论五个篇目。内容包括:从出土简牍考证秦始攻南越之年代、南越王墓出土的生器玉角杯考释、广州南越王墓出土铜提筒图像试释等。 | |
| 461 | 0 | @12001 @a文化广州论丛 |
| 606 | 0 | @a文史资料@y广东 |
| 690 | @aK296.5@v5 | |
| 701 | 0 | @a曹旅宁@9cao lü ning@f(1965~)@4著 |
| 801 | 0 | @aCN@b上海新华@c20180901 |
| 905 | @b1165561-5@dK296.5@e392@f5 | |
| 岭南文史论稿/曹旅宁著.-广州:广东人民出版社,2015 |
| 156页;26cm.-(文化广州论丛/广州市社会科学界联合会编) |
| 岭南文史研究系列 |
| ISBN 978-7-218-10145-3:CNY30.00 |
| 本书分为南越国历史文化、岭南中古历史文化、明清岭南佛教史研究、近代岭南历史文化、清末民初的广东文化述论五个篇目。内容包括:从出土简牍考证秦始攻南越之年代、南越王墓出土的生器玉角杯考释、广州南越王墓出土铜提筒图像试释等。 |
| ● |
| 相关链接 |
|
|
|
|
正题名:岭南文史论稿
索取号:K296.5/392
 
预约/预借
| 序号 | 登录号 | 条形码 | 馆藏地/架位号 | 状态 | 备注 |
| 1 | 1165561 | 211655617 | 第二样本阅览室/ [索取号:K296.5/392] | 在馆 | |
| 2 | 1165562 | 211655626 | 第二借阅区/ [索取号:K296.5/392] | 在馆 | |
| 3 | 1165563 | 211655635 | 密集书库-史法系/ [索取号:K296.5/392] | 在馆 | |
| 4 | 1165564 | 211655644 | 第二借阅区/ [索取号:K296.5/392] | 在馆 | |
| 5 | 1165565 | 211655653 | 第二借阅区/ [索取号:K296.5/392] | 在馆 |